Diseño de la modalidad de finanaciamiento del sistema de riego seleccionado para cada una de las regiones productoras de banano para exportación mediante componentes de subsidio crédito y trabajo (Record no. 8009)

MARC details
000 -LEADER
campo de control de longitud fija 00550nam a2200133Ia 4500
001 - NÚMERO DE CONTROL
campo de control 3447
008 - DATOS DE LONGITUD FIJA--INFORMACIÓN GENERAL
campo de control de longitud fija 241024s9999 xx 000 0 und d
082 ## - NÚMERO DE LA CLASIFICACIÓN DECIMAL DEWEY
Número de clasificación RD/633.97293/B213d
100 ## - ENTRADA PRINCIPAL--NOMBRE DE PERSONA
Nombre de persona República Dominicana.Banco Agricola de la República Dominicana
245 #0 - MENCIÓN DEL TÍTULO
Título Diseño de la modalidad de finanaciamiento del sistema de riego seleccionado para cada una de las regiones productoras de banano para exportación mediante componentes de subsidio crédito y trabajo
260 ## - PUBLICACIÓN, DISTRIBUCIÓN, ETC.
Nombre del editor, distribuidor, etc. Santo Domingo
Fecha de publicación, distribución, etc. 2012
901 ## - ELEMENTOS DE DATOS A LOCAL LDA (RLIN)
a 6/11/2013 3:38:24 p.m.

No items available.

© 2024. Todos los Derechos Reservados. Desarrollado por IDEICE